000 01566nab a2200229 i 4500
001 768714001
003 CO-MdFUSB
005 20240313091447.0
008 230429s2011 us ||||| |||| 00| 0 eng d
022 _a1669-8649
040 _bspa
_aCO-MdFUSB
_cCO-MdFUSB
_dCO-MdFUSB
041 _aeng
100 1 _aMoreno Palacios, Pablo
_eautor
245 1 _aProtestant presence in the birth of the republic of Colombia
_b: the case of the Colombian Bible Society, 1825
_c/ Pablo Moreno
300 _aVolumen 6, número 2 (2011), páginas 107 - 130
_c; 20 cm
520 _aEl autor hace un recorrido por la independencia y creación de la República de Colombia a través de las obras de la Sociedad Bíblica Colombiana, y la contribución religiosa a tal evento. Pablo Moreno expone un contexto pertinente para la posterior evaluación del rol de la Sociedad Bíblica, los diferentes actores relevantes que llegaron a América Latina desde Inglaterra, la búsqueda de una reforma moral en la sociedad, los posibles intentos de democracia y, por último, los años después de la Sociedad Bíblica
546 _aTexto en inglés
650 0 _9141
_aProtestantismo
_bAmérica Latina
_zColombia
773 0 _049416
_981278
_dSantiago de Chile
_oR1726
_tJournal of Latin American Theology :
_w(CO-MdFUSB)118
_x1669-8949
_gVolumen 6, número 2 (2011), páginas 107 - 130
_qpágina 107
773 0 _049416
_982484
_dSantiago de Chile
_oR1741
_tJournal of Latin American Theology :
_w(CO-MdFUSB)118
_x1669-8949
_gVolumen 6, número 2 (2011), páginas 107 - 130
_qpágina 107
942 _cANA
999 _c68817
_d68817